Los Angeles Movies by Picture - Statistics

General Stats
  • This quiz has been taken 19,713 times
  • The average score is 10 of 16
Answer Stats
Picture Answer % Correct
The Karate Kid
95%
La La Land
87%
Pulp Fiction
85%
The Fast and the Furious
83%
Die Hard
77%
Singin' in the Rain
75%
Pretty Woman
65%
Clueless
57%
Speed
56%
Rush Hour
54%
White Men Can't Jump
49%
The Graduate
46%
Lethal Weapon
45%
Terminator 2: Judgment Day
42%
Boyz n the Hood
38%
Rebel Without a Cause
27%
No matching quizzes found
Score Distribution
Percent of People with Each Score
Percentile by Number Answered
Your Score History
You have not taken this quiz